000
00337nam a2200133Ia 4500
008
240624s9999 xx 000 0 und d
041
_a
eng
082
_a
519 KUM
100
_a
KUMARESAN S
245
_a
TOPOLOGY OF METRIC SPACES
260
_c
2005
_a
New Delhi
_b
Narosa Publishing House Pvt. Ltd.
300
_a
162 : p.
365
_c
RS
_b
30
999
_c
12636
_d
12636